Orne - mort subite - Statistiques

Statistiques générales
  • Ce quiz a été pris 23 fois
  • Le résultat moyen est 11 sur 18
Answers on the Grid
Answers color-coded by a green-red scale on the quiz's grid according to % correct below.
Argenteuil
Livarot
Pont-l'Évêque
Camembert
Boulogne-sur-Mer
Sainte-Scolasse-sur-Sarthe
Győr
Bagnoles de l'Orne
L'Aigle
Cetinje
Alençon
Vushtrri
Une zone occupée par les Prussiens en 1815
Domfront
Tinchebray
L'ancienne province de Perche
Oss
Trinité
Varmie-Mazurie
Le Pays d'Auge
Le lieu de naissance de Guillaume le Conquérant
La Ferté Macé
La Garde
Vimoutiers
Argentan
Anglet
Des loriots
La source de la Mayenne
Les Ornais
Exmes
Veurne
Flers
Istres
Banes
Vernon
Carnot
 
Statistiques - réponses
Réponse % Correct
Alençon
95%
Station thermale Bagnoles de l'Orne
79%
Flers
79%
Argentan
74%
Domfront
74%
L'ancienne province de Perche
74%
La Ferté Macé
68%
Ville L'Aigle
68%
Les habitants du département Les Ornais
68%
Village d'origine du fromage Camembert
58%
Tinchebray
58%
Vimoutiers
58%
La source de la Mayenne
47%
Le Pays d'Auge
47%
Une zone occupée par les Prussiens en 1815
42%
Exmes
26%
Sainte-Scolasse-sur-Sarthe
26%
(Le Loriot d'Europe) Des loriots
21%
Aucun quiz correspondant
Distribution des résultats
% des personnes avec chaque résultat
Percentile par nombre de réponses
Votre historique - résultats
Vous n’avez pas pris ce quiz